States Missing Tall Buildings Quiz Stats

 Plays Quiz not verified by Sporcle

Challenge
Share
Tweet
Score 0/19 Timer 03:00
0 Plays Today
% Correct
242 ft
92.2%
174 ft
92.2%
200 ft
91.5%
323 ft
90.7%
272 ft
89.9%
275 ft
72.1%
124 ft
72.1%
296 ft
72.1%
320 ft
70.5%
220 ft
69.8%
% Correct
347 ft
61.2%
351 ft
61.2%
293 ft
58.9%
340 ft
53.5%
428 ft
51.9%
422 ft
51.9%
429 ft
47.3%
349 ft
45.7%
483 ft
31.8%

You're not logged in!

Compare scores with friends on all Sporcle quizzes.
Join for Free
OR
Log In

You Might Also Like...

Show Comments

Extras

Top Quizzes Today


Score Distribution

Your Account Isn't Verified!

In order to create a playlist on Sporcle, you need to verify the email address you used during registration. Go to your Sporcle Settings to finish the process.

Report this User

Report this user for behavior that violates our Community Guidelines.

Details: